| 000 | 00480cam a2200157 4500 | ||
|---|---|---|---|
| 001 | 2623 | ||
| 005 | 20181127165401.0 | ||
| 008 | 751104s1950 ilu b 000 0 eng | ||
| 010 | _a 50005539 | ||
| 100 | 1 |
_aCohen, Morris Raphael, _d1880-1947. |
|
| 245 | 1 | 0 |
_aReason and law : _bstudies in juristic philosophy / _cMorris Raphael Cohen. |
| 260 |
_aGlencoe, Ill : _bFree Press, _c1950. |
||
| 300 |
_a211 p. ; _c23 cm. |
||
| 504 | _aBibliographical footnotes. | ||
| 650 | 0 |
_aLaw _xPhilosophy. |
|
| 999 |
_c2087 _d2087 |
||